000 00576nam a2200193 a 4500
003 PILC
005 20150112093442.0
008 100713s19uu xx 00 eng d
020 _a0155085352
050 _aBF 201
_b.St74 2003
082 _aPSF 153.21
_bSt4 2003
100 _aSternberg, Robert J.
_91406
245 _aCognitive Psychology /
_cRobert J. Sternberg
250 _a3rd ed.
260 _aBelmont, Ca :
_bWadsworth/ Thomson Learning,
_c2003.
300 _a596 pages :
_bcolored illustration ;
_c24 cm.
650 _aCognitive Psychology
_920117
942 _2lcc
_cBK
999 _c14785
_d14785